000 00393nam a22001457a 4500
999 _c12885
_d12885
008 211223b ||||| |||| 00| 0 eng d
041 0 _aeng
082 0 0 _a324.630968
_bA2884
110 _95168
_aAll India Institute of Technical Education
245 1 0 _aAICTE: norms and standards /
260 _aNew Delhi :
_bAICTE,
_c1995.
300 _a348 p.
650 0 _aTechnical Education
942 _cBK